2024/2025 Premier League Goalscorers: Gameweek 32 - Statistics

General Stats
  • This quiz has been taken 21 times
  • The average score is 34 of 41
Answer Stats
Fixture Club Score Goalscorer % Correct
Manchester City v Crystal Palace Manchester City 2-1 Kevin De Bruyne
100%
Southampton v Aston Villa Aston Villa 1-0 Ollie Watkins
100%
Nottingham Forest v Everton Everton 1-0 Abdoulaye Doucoure
94%
Newcastle v Crystal Palace Newcastle 5-0 Alexander Isak
94%
Liverpool v West Ham Liverpool (OG) 1-1 Andrew Robertson
94%
Manchester City v Crystal Palace Crystal Palace 1-0 Eberechi Eze
94%
Newcastle v Manchester United Newcastle 2-1 Harvey Barnes
94%
Newcastle v Manchester United Newcastle 3-1 Harvey Barnes
94%
Newcastle v Crystal Palace Newcastle 3-0 Harvey Barnes
94%
Wolves v Tottenham Wolves 4-2 Matheus Cunha
94%
Manchester City v Crystal Palace Manchester City 2-2 Omar Marmoush
94%
Liverpool v West Ham Liverpool 2-1 Virgil van Dijk
94%
Arsenal v Brentford Brentford 1-1 Yoane Wissa
94%
Bournemouth v Fulham Bournemouth 1-0 Antoine Semenyo
89%
Newcastle v Crystal Palace Newcastle 1-0 Jacob Murphy
89%
Chelsea v Ipswich Chelsea 2-2 Jadon Sancho
89%
Manchester City v Crystal Palace Manchester City 4-2 James McAtee
89%
Brighton v Leicester Brighton 1-0 Joao Pedro
89%
Brighton v Leicester Brighton 2-1 Joao Pedro
89%
Liverpool v West Ham Liverpool 1-0 Luis Diaz
89%
Manchester City v Crystal Palace Manchester City 3-2 Mateo Kovacic
89%
Newcastle v Manchester United Newcastle 1-0 Sandro Tonali
89%
Newcastle v Manchester United Manchester United 1-1 Alejandro Garnacho
83%
Newcastle v Manchester United Newcastle 4-1 Bruno Guimaraes
83%
Manchester City v Crystal Palace Crystal Palace 2-0 Chris Richards
83%
Southampton v Aston Villa Aston Villa 3-0 John McGinn
83%
Newcastle v Crystal Palace Crystal Palace (OG) 2-0 Marc Guehi
83%
Arsenal v Brentford Arsenal 1-0 Thomas Partey
83%
Wolves v Tottenham Wolves 3-1 Jorgen Strand Larsen
78%
Wolves v Tottenham Tottenham 2-1 Mathys Tel
78%
Brighton v Leicester Leicester 1-1 Stephy Mavididi
78%
Wolves v Tottenham Tottenham (OG) 2-0 Djed Spence
72%
Southampton v Aston Villa Aston Villa 2-0 Donyell Malen
72%
Newcastle v Crystal Palace Newcastle 4-0 Fabian Schar
72%
Chelsea v Ipswich ipswich 1-0 Julio Enciso
72%
Manchester City v Crystal Palace Manchester City 5-2 Nico O'Reilly
72%
Chelsea v Ipswich Ipswich 2-0 Ben Johnson
67%
Wolves v Tottenham Wolves 1-0 Rayan Ait-Nouri
67%
Wolves v Tottenham Tottenham 3-2 Richarlison
67%
Brighton v Leicester Leicester 2-2 Caleb Okoli
50%
Chelsea v Ipswich Ipswich (OG) 2-1 Axel Tuanzebe
44%
No matching quizzes found
Score Distribution
Percent of People with Each Score
Percentile by Number Answered
Your Score History
You have not taken this quiz